|
|
|
|
| LEADER |
00000nam0a2200000 4500 |
| 001 |
195602 |
| 005 |
20231101224635.0 |
| 035 |
|
|
|a (RuTPU)RU\TPU\book\213409
|
| 090 |
|
|
|a 195602
|
| 100 |
|
|
|a 20110512d1916 m y0rusy50 ca
|
| 101 |
0 |
|
|a rus
|
| 102 |
|
|
|a RU
|
| 105 |
|
|
|a f z 000zy
|
| 200 |
1 |
|
|a О сопротивлении разрыву азбестовых канатов в условиях пожара
|f И. И. Бобарыков, В. В. Мраморнов
|
| 210 |
|
|
|a Томск
|c Типография Приюта и Дома Трудолюбия
|d 1916
|
| 215 |
|
|
|a 9 с.
|c граф.
|
| 300 |
|
|
|a Оттдельный оттиск из журнала "Вестник Общества Сибирских Инженеров" №1 за 1916 г.
|
| 300 |
|
|
|a Текст в русской дореформенной орфографии
|
| 316 |
|
|
|5 63413507: ШкА/249
|a С автографом автора. На обложке надпись: "В библиотеку Института".
|
| 606 |
|
|
|a Пожарное дело
|2 stltpush
|3 (RuTPU)RU\TPU\subj\49939
|9 68699
|
| 610 |
1 |
|
|a труды учёных ТПУ
|
| 610 |
1 |
|
|a сопротивление материалов
|
| 610 |
1 |
|
|a азбест
|
| 610 |
1 |
|
|a механические свойства
|
| 610 |
1 |
|
|a испытания
|
| 610 |
1 |
|
|a канаты
|
| 610 |
1 |
|
|a исследования
|
| 610 |
1 |
|
|a коллекция ТПУ
|
| 675 |
|
|
|a 614.842.8
|v 3
|
| 700 |
|
1 |
|a Бобарыков
|b И. И.
|c русский ученый в области сопротивления материалов и деталей машин
|c директор Томского технологического института (1916-1919)
|f 1869-1928
|g Иван Иванович
|2 stltpush
|3 (RuTPU)RU\TPU\pers\21827
|
| 701 |
|
1 |
|a Мраморнов
|b В. В.
|c выпускник Механического Отделения ТТИ 1906 г.
|c преподаватель ТТИ (1907-1919)
|f 1879-1919
|g Виктор Васильевич
|2 stltpush
|3 (RuTPU)RU\TPU\pers\23356
|9 10136
|
| 801 |
|
1 |
|a RU
|b 63413507
|c 20110512
|
| 801 |
|
2 |
|a RU
|b 63413507
|c 20190621
|g RCR
|
| 942 |
|
|
|c BK
|